Rent Reviews - is time of the essence (Record no. 68570)
[ view plain ]
| 000 -LEADER | |
|---|---|
| fixed length control field | 01131cam a2200229 4500 |
| 001 - CONTROL NUMBER | |
| control field | ABS64699 |
| 008 - FIXED-LENGTH DATA ELEMENTS--GENERAL INFORMATION | |
| fixed length control field | 011016n2001 000 0 eng u |
| 035 ## - SYSTEM CONTROL NUMBER | |
| System control number | (Sirsi) u115133 |
| 100 ## - MAIN ENTRY--PERSONAL NAME | |
| Personal name | Langstaff, D. |
| 245 ## - TITLE STATEMENT | |
| Title | Rent Reviews - is time of the essence |
| 260 ## - PUBLICATION, DISTRIBUTION, ETC. | |
| Date of publication, distribution, etc. | 2001 |
| 490 ## - SERIES STATEMENT | |
| Series statement | CSM |
| -- | Chartered Surveyor Monthly |
| Volume/sequential designation | (October 2001) 33(1) |
| 520 ## - SUMMARY, ETC. | |
| Summary, etc. | Discusses the recent case of Starmark Enterprises v CPL Distribution Ltd. Argues that rent clauses come in many different forms and relatively minor differences in drafting can make significant differences in how they are interpreted. Illustrates that it was common for rent review clauses to provide a timetable if the tenant fails to serve a counter-notice in time. Mentions other cases where this issue has arrisen and how this applies to the Starmark case. |
| 590 ## - LOCAL NOTE (RLIN) | |
| Local note | ABS |
| 650 ## - SUBJECT ADDED ENTRY--TOPICAL TERM | |
| Topical term or geographic name entry element | RENT REVIEW |
| 650 ## - SUBJECT ADDED ENTRY--TOPICAL TERM | |
| Topical term or geographic name entry element | STARMARK ENTERPRISES V CPL DISTRIBUTION |
| 650 ## - SUBJECT ADDED ENTRY--TOPICAL TERM | |
| Topical term or geographic name entry element | UNITED SCIENTIFIC HOLDINGS V BURNLEY BC |
| 650 ## - SUBJECT ADDED ENTRY--TOPICAL TERM | |
| Topical term or geographic name entry element | MECCA LEISURE LTD V RENOWN INVESTMENTS |
| 650 ## - SUBJECT ADDED ENTRY--TOPICAL TERM | |
| Topical term or geographic name entry element | RENT REVIEW CLAUSES |
| 690 ## - LOCAL SUBJECT ADDED ENTRY--TOPICAL TERM (OCLC, RLIN) | |
| Topical term or geographic name as entry element | LANDLORD AND TENANT-RENT REVIEWS |
| 942 ## - ADDED ENTRY ELEMENTS (KOHA) | |
| Suppress in OPAC | 0 |
| Withdrawn status | Lost status | Source of classification or shelving scheme | Damaged status | Not for loan | Home library | Current library | Shelving location | Date acquired | Total Checkouts | Full call number | Barcode | Date last seen | Copy number | Price effective from | Koha item type |
|---|---|---|---|---|---|---|---|---|---|---|---|---|---|---|---|
| Dewey Decimal Classification | London | London | Books | 16/10/2001 | ABS64699 | 115133-1001 | 06/08/2019 | 1 | 06/08/2019 | Book |